[Event "Ankara Ipek Memorial 8th"]
[Site "Ankara"]
[Date "2020.03.07"]
[Round "4"]
[White "Bilen, Tuna"]
[Black "Vural, Burak"]
[Result "1-0"]
[WhiteElo "1367"]
[BlackElo "1604"]
[PlyCount "133"]
[EventDate "2020.03.04"]
[EventType "swiss"]
[EventRounds "7"]
[EventCountry "TUR"]
[SourceTitle "CBM 195 Extra"]
[Source "ChessBase"]
[SourceDate "2020.05.31"]
[SourceVersion "1"]
[SourceVersionDate "2020.05.31"]
[SourceQuality "1"]

1. e4 c5 2. c3 e6 3. d4 d5 4. e5 Nc6 5. Nf3 Bd7 6. Na3 Nge7 7. Bg5 a6 8. Nc2 Qb6 9. b3 cxd4 10. cxd4 Nf5 11. g4 Nh6 12. h3 Nb4 13. Nxb4 Bxb4+ 14. Bd2 Ba3 15. Bd3 Bb2 16. Rb1 Bxd4 17. 0-0 Bc5 18. b4 Be7 19. Be3 Qd8 20. Qd2 Ng8 21. Rfc1 Rc8 22. Bd4 g6 23. g5 h6 24. h4 hxg5 25. hxg5 Rh5 26. Be3 d4 27. Rxc8 Bxc8 28. Bf4 Kf8 29. Be4 b6 30. a3 a5 31. Rd1 axb4 32. axb4 Kg7 33. b5 Bc5 34. Nxd4 Qf8 35. Nc6 Ne7 36. Qd8 Rh4 37. Qd2 Bb7 38. Bg2 Qa8 39. Bg3 Rh8 40. Qd7 Nf5 41. Nd8 Rxd8 42. Qxd8 Bxg2 43. Qf6+ Kh7 44. Qxf7+ Ng7 45. Rd7 Bf8 46. Ra7 Qf3 47. Qxf3 Bxf3 48. Rf7 Be2 49. Rxf8 Bxb5 50. Rb8 Bd3 51. Rxb6 Bf5 52. Rb4 Nh5 53. Kg2 Nxg3 54. Kxg3 Kg7 55. f3 Kf7 56. Rf4 Kg7 57. Rxf5 gxf5 58. f4 Kh7 59. Kf3 Kg7 60. Ke3 Kf7 61. Kd4 Ke8 62. Kc5 Kd7 63. g6 Ke7 64. Kc6 Kf8 65. Kd6 Kg7 66. Kxe6 Kxg6 67. Kd7 1-0

[Event "TUR-chT 2nd League"]
[Site "Konya"]
[Date "2019.07.26"]
[Round "7.13"]
[White "Ozcelik, Ali Kaan"]
[Black "Vural, Burak"]
[Result "1-0"]
[WhiteElo "1989"]
[BlackElo "1502"]
[PlyCount "125"]
[EventDate "2019.07.22"]
[EventType "team-swiss"]
[EventRounds "9"]
[EventCountry "TUR"]
[SourceTitle "CBM 191 Extra"]
[Source "ChessBase"]
[SourceDate "2019.09.30"]
[SourceVersion "1"]
[SourceVersionDate "2019.09.30"]
[SourceQuality "1"]
[WhiteTeam "Samsun Gercek"]
[BlackTeam "Hayat Genclik"]
[WhiteTeamCountry "TUR"]
[BlackTeamCountry "TUR"]

1. d4 Nf6 2. c4 g6 3. Nc3 Bg7 4. e4 d6 5. Nf3 0-0 6. Be2 e5 7. Be3 Ng4 8. Bg5 f6 9. Bh4 g5 10. Bg3 f5 11. exf5 Nc6 12. d5 Nb4 13. a3 Na6 14. 0-0 Bxf5 15. b4 Qe7 16. Rc1 Rae8 17. Re1 h6 18. Bd3 Qd7 19. Ne4 Nf6 20. Nfd2 Qf7 21. Nxd6 cxd6 22. Bxf5 Nc7 23. Qc2 Qe7 24. Bg6 Rc8 25. Qd3 Rcd8 26. f3 b5 27. Ne4 Kh8 28. Nxf6 Qxf6 29. Be4 bxc4 30. Qxc4 Rc8 31. Qe2 Qf7 32. Qd3 Rb8 33. Rc6 Rfd8 34. Rec1 Nb5 35. Bf2 Rb7 36. Rc8 Bf6 37. Rxd8+ Bxd8 38. Rc8 Qe7 39. Bf5 a6 40. Be6 Rc7 41. Qg6 Qf8 42. Rxc7 Bxc7 43. Bf5 Qg7 44. Qe8+ Qg8 45. Qc6 Bb8 46. Qxa6 Qxd5 47. h3 Qc4 48. Qb7 Bc7 49. Qc8+ Kg7 50. Be4 d5 51. Qd7+ Kf6 52. Qf5+ Ke7 53. Bc5+ Bd6 54. Qxe5+ Kd8 55. Bxd6 dxe4 56. fxe4 Nxa3 57. Qe7+ Kc8 58. Qe8+ Kb7 59. Qb8+ Ka6 60. Qa8+ Kb5 61. Kh2 Qc1 62. Qa5+ Kc6 63. Qc7+ 1-0

[Event "Ankara Ipek Memorial 7th"]
[Site "Ankara"]
[Date "2019.03.10"]
[Round "7"]
[White "Kayaman, Metin"]
[Black "Vural, Burak"]
[Result "1-0"]
[WhiteElo "1667"]
[BlackElo "1501"]
[PlyCount "79"]
[EventDate "2019.03.06"]
[EventType "swiss"]
[EventRounds "7"]
[EventCountry "TUR"]
[SourceTitle "CBM 189 Extra"]
[Source "ChessBase"]
[SourceDate "2019.06.03"]
[SourceVersion "1"]
[SourceVersionDate "2019.06.03"]
[SourceQuality "1"]

1. d4 Nf6 2. Nf3 g6 3. c4 Bg7 4. Nc3 0-0 5. g3 c5 6. Bg2 Nc6 7. d5 Na5 8. Nd2 d6 9. 0-0 e6 10. e4 exd5 11. exd5 Bg4 12. f3 Bf5 13. Re1 Bd3 14. Bf1 Bxf1 15. Kxf1 Qd7 16. Kg2 Rfe8 17. Rb1 Rxe1 18. Qxe1 Re8 19. Qf1 h5 20. Nde4 h4 21. Bg5 Nxe4 22. Nxe4 Qf5 23. g4 Qe5 24. Bxh4 f5 25. Bg3 Qd4 26. Nxd6 Qd2+ 27. Kh1 Re2 28. Re1 Rxe1 29. Qxe1 Qd3 30. Kg2 fxg4 31. Qe6+ Kh7 32. Qxg4 Qe2+ 33. Bf2 Qxb2 34. Qh4+ Bh6 35. Nf7 Qd2 36. Nxh6 Qxh6 37. Qxh6+ Kxh6 38. d6 b6 39. d7 Nc6 40. Bg3 1-0

[Event "Ankara Ipek Memorial 7th"]
[Site "Ankara"]
[Date "2019.03.09"]
[Round "5"]
[White "Cevizci, Yusuf Baran"]
[Black "Vural, Burak"]
[Result "1-0"]
[WhiteElo "1691"]
[BlackElo "1501"]
[PlyCount "115"]
[EventDate "2019.03.06"]
[EventType "swiss"]
[EventRounds "7"]
[EventCountry "TUR"]
[SourceTitle "CBM 189 Extra"]
[Source "ChessBase"]
[SourceDate "2019.06.03"]
[SourceVersion "1"]
[SourceVersionDate "2019.06.03"]
[SourceQuality "1"]

1. e4 c5 2. c3 e6 3. d4 d5 4. e5 Nc6 5. Nf3 Qb6 6. Na3 Bd7 7. Nc2 Nh6 8. Bd3 cxd4 9. cxd4 Nb4 10. Nxb4 Bxb4+ 11. Bd2 Bxd2+ 12. Qxd2 Bb5 13. 0-0 0-0 14. Bxb5 Qxb5 15. a4 Qa6 16. b4 Rfc8 17. b5 Qb6 18. Rfc1 a6 19. Rxc8+ Rxc8 20. Rc1 Rc4 21. Rxc4 dxc4 22. Qb4 Qc7 23. Qc5 Qxc5 24. dxc5 axb5 25. axb5 Nf5 26. c6 b6 27. Nd4 Ne7 28. Kf1 Nd5 29. Nc2 Kf8 30. Ne3 c3 31. Ke2 Nc7 32. Kd3 Nxb5 33. Nc4 c2 34. Kxc2 Nd4+ 35. Kd3 Nxc6 36. f4 Nb4+ 37. Kd4 Nd5 38. g3 Ke7 39. Nd6 f5 40. Nxf5+ exf5 41. Kxd5 Kd7 42. Kc4 Kc6 43. Kb4 h6 44. Kc4 g5 45. Kb4 g4 46. Kc4 h5 47. Kb4 Kd7 48. Kb5 Kc7 49. e6 Kd6 50. Kxb6 Ke7 51. Kc7 Kxe6 52. Kc6 Kf6 53. Kd6 Kg6 54. Ke6 h4 55. gxh4 Kh6 56. Kxf5 Kh5 57. Kf6 Kxh4 58. Kg6 1-0